000 00319nam a2200133Ia 4500
008 100328s9999 xx 000 0 und d
082 _b74545
100 _aDhargalkar Vinayak.
245 _aThe Arabian Nights.
260 _bAlka.
630 _aThe Arabian Nights.
730 _aThe Arabian Nights.
942 _cBOOK
999 _c560266
_d560263